| 000 | 00950nam0a22002651 4500 | ||
|---|---|---|---|
| 001 | rc\28108 | ||
| 005 | 20250620152249.0 | ||
| 010 |
_a5-85165-010-9 _9500 |
||
| 035 | _a(NLR Aleph) 005314335 | ||
| 090 |
_a6419655 _c6419655 |
||
| 100 | _a20021216d1994 |||y0rusy50 ca | ||
| 101 | 0 | _arus | |
| 102 | _aRU | ||
| 105 | _ay ||||||||| | ||
| 200 | 1 | _aКоррозия реакторных материалов | |
| 210 |
_aМ. _cИзд-во ЦНИИатоминформ _d1994 |
||
| 215 |
_a158, [2] с. _d20 |
||
| 320 | _aБиблиогр.: с. 157-159 (70 назв.) | ||
| 700 | 1 |
_7ca _8rus _aГерасимов _bВ. В. _cд-р техн. наук, канд. хим. наук _f1925-2001 _gВалентин Владимирович _9216596 _3RU\NLR\AUTH\770216652 |
|
| 701 | 1 |
_aМонахов _bА.С. _gАлександр Семенович |
|
| 801 | 0 |
_aRU _bNLR _gpsbo |
|
| 801 | 1 |
_aRU _bELAR _2rusmarc |
|
| 852 |
_aNLR _j95-3/7473 |
||
| 942 | _cBOOK | ||
| 980 | _aNB | ||